| 000 | 00703cam a2200253 4500 | ||
|---|---|---|---|
| 999 |
_c23731 _d23731 |
||
| 001 | 3120527 | ||
| 003 | BDDh-ASL | ||
| 005 | 20231015030259.0 | ||
| 008 | 691014s1968 pk 000 0 eng | ||
| 010 | _asa 68012196 | ||
| 025 | _aPL480:EP-E-474 | ||
| 040 |
_aDLC _cDLC _dDLC _dBDDh-ASL |
||
| 050 | 0 | 0 |
_aPK1718.L35 _bZ9 |
| 082 |
_a922 _bTOL |
||
| 100 | 1 |
_aTofayell, Z. A., _d1936- |
|
| 245 | 1 | 0 |
_aLalon Shah and lyrics of the Padma / _cby Z. A. Tofayell. |
| 250 | _a[1st ed. | ||
| 260 |
_aDacca : _bZiaunnahar, _c1968. |
||
| 300 |
_a2, 153 p. : _c22 cm. |
||
| 350 | _a5.00 | ||
| 600 | 0 | 0 |
_aLālana Śāha, _d1774-1890. |
| 906 |
_a7 _bcbc _corignew _du _encip _f19 _gy-gencatlg |
||
| 942 |
_2ddc _cBK |
||